000 03000cam a22005534i 4500
003 PE-LiUPU
005 20250731172751.0
008 150617s r 000 0 d
020 _a8472282570
035 _a(Sirsi) i9788472282575
040 _aPE-LiUPU
_bspa
_cPE-LiUPU
_erda
049 _aPRUA
082 0 4 _a233.14
_bL14
_221
100 1 _aLacueva, Francisco,
_eautor.
245 1 3 _aEl hombre, su grandeza y su miseria /
_cFrancisco Lacueva.
264 1 _aBarcelona :
_bEditorial clie,
_c1976.
300 _a224 páginas ;
_c19 centímetros.
336 _atext
_2rdacontent
337 _aunmediated
_2rdamedia
338 _avolume
_2rdacarrier
490 0 _aCurso de formación teológica evangélica ;
_v3
504 _aIncluye bibliografía.
505 0 _aEl relato bíblico de la creación del hombre -- ¿Creación o evolución? -- Antiguedad del hombre? -- Unidad de la raza humana -- Elementos constitutivos del ser humano -- Origen del alma humana -- La imagen de Dios en el hombre -- El hombre, ser personal y libre -- El hombre, colaborador de Dios -- Integridad original del hombre -- Los pactos de Dios con la humanidad -- La ley de Dios y el pacto de obras -- El relato bíblico de la caída -- Consecuencias de la caída de Adán -- Consecuencias del pecado de Adán en su descendencia -- Como se imputa el pecado de Adán a sus descendientes -- Objeciones a la doctrina del pecado original -- Noción de pecado -- Naturaleza del pecado -- Raíz íntima del pecado personal -- Universalidad del pecado -- La depravación causada por el pecado.
526 _aSEG42
526 _aSEG41
526 _aSEG40
526 _aSEG39
526 _aP94
526 _aP87
526 _aP86
526 _aP85
526 _aP77
526 _aP76
526 _aP35
650 0 4 _aAntropología teológica.
910 _ajck
_bjvq
_cjck
_d20150616
942 _2ddc
_cBOOK
949 _a233.14 L14
_wDEWEY
_c1
_i17966
_lCCODEBUL1
_mBUL
_r0
_sY
_tBOOK
_u2015-6-17
_xTEOLOGIA
_PP35
_0COMPRA
_o.STAFF. Colección general
949 _a233.14 L14
_wDEWEY
_c2
_i25836
_lCCODEBUL1
_mBUL
_r0
_sY
_tBOOK
_u2015-6-17
_xTEOLOGIA
_PP35
_0COMPRA
_o.STAFF. Colección general
949 _a233.14 L14
_wDEWEY
_c3
_i18457
_lCCODEBUL1
_mBUL
_r0
_sY
_tBOOK
_u2015-6-17
_xTEOLOGIA
_PP35
_0COMPRA
_o.STAFF. Colección general
994 _aC0
_bPEPRU
596 _a1
999 _a233.14 L14
_wDEWEY
_c2737
_i17966
_f2021-11-10
_g5
_lCCODEBUL1
_mBUL
_r0
_sY
_tBOOK
_u2015-6-17
_xTEOLOGIA
_PP35
_0COMPRA
_o.STAFF. Colección general
_d2737
999 _a233.14 L14
_wDEWEY
_c2
_i25836
_d2019-9-23
_f2021-11-10
_g5
_lCCODEBUL1
_mBUL
_q1
_r0
_sY
_tBOOK
_u2015-6-17
_xTEOLOGIA
_PP35
_0COMPRA
_o.STAFF. Colección general
999 _a233.14 L14
_wDEWEY
_c3
_i18457
_f2021-11-10
_g5
_lCCODEBUL1
_mBUL
_r0
_sY
_tBOOK
_u2015-6-17
_xTEOLOGIA
_PP35
_0COMPRA
_o.STAFF. Colección general
980 _81
_gALBERTO SANCHEZ Responsable de Automatización